MARC details
| 000 -LEADER |
| fixed length control field |
04002cgm a2200817Ii 4500 |
| 001 - CONTROL NUMBER |
| control field |
ocn986229805 |
| 003 - CONTROL NUMBER IDENTIFIER |
| control field |
OCoLC |
| 005 - DATE AND TIME OF LATEST TRANSACTION |
| control field |
20230829125018.0 |
| 007 - PHYSICAL DESCRIPTION FIXED FIELD--GENERAL INFORMATION |
| fixed length control field |
vd csaizq |
| 008 - FIXED-LENGTH DATA ELEMENTS--GENERAL INFORMATION |
| fixed length control field |
170508t20132013xx 077 g vaeng d |
| 024 8# - OTHER STANDARD IDENTIFIER |
| Standard number or code |
8717418397609 |
| 028 41 - PUBLISHER NUMBER |
| Publisher number |
7R600090STA1A |
| Source |
Disney |
| 028 41 - PUBLISHER NUMBER |
| Publisher number |
BUY0205501 |
| Source |
Disney |
| 035 ## - SYSTEM CONTROL NUMBER |
| System control number |
(OCoLC)986229805 |
| Canceled/invalid control number |
(OCoLC)962361064 |
| 040 ## - CATALOGING SOURCE |
| Original cataloging agency |
JP3 |
| Language of cataloging |
eng |
| Description conventions |
rda |
| Transcribing agency |
JP3 |
| Modifying agency |
JP3 |
| -- |
IHX |
| -- |
OCL |
| -- |
OCLCA |
| -- |
WACOL |
| 041 1# - LANGUAGE CODE |
| Language code of text/sound track or separate title |
dut |
| -- |
eng |
| -- |
fre |
| -- |
ger |
| -- |
ita |
| -- |
por |
| -- |
spa |
| Language code of original and/or intermediate translations of text |
eng |
| 049 ## - LOCAL HOLDINGS (OCLC) |
| Holding library |
WACL |
| 050 #4 - LIBRARY OF CONGRESS CALL NUMBER |
| Classification number |
PN1997.2 |
| Item number |
.L58 2013 |
| 082 04 - DEWEY DECIMAL CLASSIFICATION NUMBER |
| Classification number |
791.43/75 |
| Edition number |
23 |
| 092 ## - LOCALLY ASSIGNED DEWEY CALL NUMBER (OCLC) |
| Classification number |
Blu-ray |
| Item number |
Lit |
| 245 04 - TITLE STATEMENT |
| Title |
The little mermaid: |
| Name of part/section of a work |
Ariel's beginning |
| 246 1# - VARYING FORM OF TITLE |
| Display text |
At head of title : |
| Title proper/short title |
Disney |
| 246 30 - VARYING FORM OF TITLE |
| Title proper/short title |
Ariel's beginning |
| 264 #1 - Production, Publication, Distribution, Manufacture, and Copyright Notice. |
| Place of production, publication, distribution, manufacture |
[Place of publication not identified] : |
| Name of producer, publisher, distributor, manufacturer |
Disney, |
| Date of production, publication, distribution, manufacture, or copyr |
[2013] |
| 264 #4 - Production, Publication, Distribution, Manufacture, and Copyright Notice. |
| Date of production, publication, distribution, manufacture, or copyr |
©2013 |
| 300 ## - PHYSICAL DESCRIPTION |
| Extent |
1 videodisc (approximately 77 min.) : |
| Other physical details |
sound, color ; |
| Dimensions |
4 3/4 in. |
| 336 ## - Content Type |
| Content type term |
two-dimensional moving image |
| 337 ## - Media type |
| Media type term |
video |
| 338 ## - Carrier type |
| Carrier type term |
videodisc |
| 500 ## - GENERAL NOTE |
| General note |
Originally released in 2008. |
| 500 ## - GENERAL NOTE |
| General note |
Based on the Danish fairy tale, The little mermaid, by Hans Christian Andersen. |
| 500 ## - GENERAL NOTE |
| General note |
Widescreen (1.78:1). |
| 500 ## - GENERAL NOTE |
| General note |
Bonus features: Splashdance: a dancer's adventures under the sea; Deleted scenes: Sebastian waking the girls, Ariel follows Flounder; Sing along with the movie. |
| 511 1# - PARTICIPANT OR PERFORMER NOTE |
| Participant or performer note |
Jodi Benson, Samuel E. Wright, Jim Cummings, Sally Field, Parker Goris, Tara Strong. |
| 520 ## - SUMMARY, ETC. |
| Summary, etc |
Long before Ariel walked on land, she was one of seven beloved daughters of King Triton. But times were troubled, and music was banned! Ariel, her sisters, and her loyal friends Sebastian and Flounder strive to bring music and friendship back to Atlantica. |
| 521 8# - TARGET AUDIENCE NOTE |
| Target audience note |
Rating: G ; |
| -- |
British Board of Film Classification rating: U (Universal): suitable for all; contains very mild threat and menace. |
| 521 ## - TARGET AUDIENCE NOTE |
| Target audience note |
Children's DVD |
| Source |
Amazon |
| 538 ## - SYSTEM DETAILS NOTE |
| System details note |
Blu-ray ; widescreen (16 x 9, 1.78:1) ; 1080p high definition ; DTS-HD Master Audio 5.1, DTS-HD HR 5.1; requires Blu-ray player. |
| 546 ## - LANGUAGE NOTE |
| Language note |
In English, Dutch, French, German, Italian, Portuguese, and Spanish; subtitles in English, Dutch, French, German, Italian, Portuguese, and Spanish; English subtitles for the deaf and hard of hearing (SDH). |
| 600 00 - SUBJECT ADDED ENTRY--PERSONAL NAME |
| Personal name |
Ariel |
| Titles and other words associated with a name |
(Mermaid) |
| Form subdivision |
Juvenile films. |
| 9 (RLIN) |
5999884 |
| 600 07 - SUBJECT ADDED ENTRY--PERSONAL NAME |
| Personal name |
Ariel |
| Titles and other words associated with a name |
(Mermaid) |
| Source of heading or term |
fast |
| 9 (RLIN) |
5999888 |
| 650 #0 - SUBJECT ADDED ENTRY--TOPICAL TERM |
| Topical term or geographic name as entry element |
Mermaids |
| Form subdivision |
Juvenile films. |
| 9 (RLIN) |
5711763 |
| 650 #0 - SUBJECT ADDED ENTRY--TOPICAL TERM |
| Topical term or geographic name as entry element |
Music and youth |
| Form subdivision |
Juvenile films. |
| 9 (RLIN) |
6472667 |
| 650 #0 - SUBJECT ADDED ENTRY--TOPICAL TERM |
| Topical term or geographic name as entry element |
Fathers and daughters |
| Form subdivision |
Juvenile films. |
| 9 (RLIN) |
6429039 |
| 650 #1 - SUBJECT ADDED ENTRY--TOPICAL TERM |
| Topical term or geographic name as entry element |
Mermaids |
| Form subdivision |
Drama. |
| 9 (RLIN) |
5699442 |
| 650 #1 - SUBJECT ADDED ENTRY--TOPICAL TERM |
| Topical term or geographic name as entry element |
Ariel (Fictitious character : Disney) |
| Form subdivision |
Drama. |
| 9 (RLIN) |
6472668 |
| 650 #7 - SUBJECT ADDED ENTRY--TOPICAL TERM |
| Topical term or geographic name as entry element |
Music and youth. |
| Source of heading or term |
fast |
| 9 (RLIN) |
5999889 |
| 650 #7 - SUBJECT ADDED ENTRY--TOPICAL TERM |
| Topical term or geographic name as entry element |
Fathers and daughters. |
| Source of heading or term |
fast |
| 9 (RLIN) |
5999890 |
| 650 #7 - SUBJECT ADDED ENTRY--TOPICAL TERM |
| Topical term or geographic name as entry element |
Mermaids. |
| Source of heading or term |
fast |
| 9 (RLIN) |
5999891 |
| 655 #7 - INDEX TERM--GENRE/FORM |
| Genre/form data or focus term |
Film adaptations. |
| Source of term |
fast |
| 9 (RLIN) |
5999892 |
| 655 #7 - INDEX TERM--GENRE/FORM |
| Genre/form data or focus term |
Feature films. |
| Source of term |
lcgft |
| 9 (RLIN) |
5999893 |
| 655 #7 - INDEX TERM--GENRE/FORM |
| Genre/form data or focus term |
Animated films. |
| Source of term |
lcgft |
| 9 (RLIN) |
5999894 |
| 655 #7 - INDEX TERM--GENRE/FORM |
| Genre/form data or focus term |
Children's films. |
| Source of term |
lcgft |
| 9 (RLIN) |
5999895 |
| 655 #7 - INDEX TERM--GENRE/FORM |
| Genre/form data or focus term |
Film adaptations. |
| Source of term |
lcgft |
| 9 (RLIN) |
5999892 |
| 655 #7 - INDEX TERM--GENRE/FORM |
| Genre/form data or focus term |
Video recordings for the hearing impaired. |
| Source of term |
lcgft |
| 9 (RLIN) |
5999896 |
| 655 #7 - INDEX TERM--GENRE/FORM |
| Genre/form data or focus term |
Animated films. |
| Source of term |
fast |
| 9 (RLIN) |
5999894 |
| 655 #7 - INDEX TERM--GENRE/FORM |
| Genre/form data or focus term |
Children's films. |
| Source of term |
fast |
| 9 (RLIN) |
5999895 |
| 655 #7 - INDEX TERM--GENRE/FORM |
| Genre/form data or focus term |
Feature films. |
| Source of term |
fast |
| 9 (RLIN) |
5999893 |
| 655 #7 - INDEX TERM--GENRE/FORM |
| Genre/form data or focus term |
Juvenile works. |
| Source of term |
fast |
| 9 (RLIN) |
5673941 |
| 655 #7 - INDEX TERM--GENRE/FORM |
| Genre/form data or focus term |
Video recordings for the hearing impaired. |
| Source of term |
fast |
| 9 (RLIN) |
5999896 |
| 700 1# - ADDED ENTRY--PERSONAL NAME |
| Personal name |
Andersen, Hans Christian, |
| Dates associated with a name |
1825-1885. |
| Title of a work |
The little mermaid. |
| 9 (RLIN) |
5999897 |
| 700 1# - ADDED ENTRY--PERSONAL NAME |
| Personal name |
Benson, Jodi, |
| Relator term |
voice actor. |
| 9 (RLIN) |
76414 |
| 700 1# - ADDED ENTRY--PERSONAL NAME |
| Personal name |
Wright, Samuel E., |
| Relator term |
voice actor. |
| 9 (RLIN) |
37699 |
| 700 1# - ADDED ENTRY--PERSONAL NAME |
| Personal name |
Cummings, Jim, |
| Dates associated with a name |
1952- |
| Relator term |
voice actor. |
| 9 (RLIN) |
5745456 |
| 700 1# - ADDED ENTRY--PERSONAL NAME |
| Personal name |
Field, Sally, |
| Relator term |
voice actor. |
| 9 (RLIN) |
27499 |
| 700 1# - ADDED ENTRY--PERSONAL NAME |
| Personal name |
Goris, Parker, |
| Relator term |
voice actor. |
| 9 (RLIN) |
5813669 |
| 700 1# - ADDED ENTRY--PERSONAL NAME |
| Personal name |
Strong, Tara, |
| Dates associated with a name |
1973- |
| Relator term |
voice actor. |
| 9 (RLIN) |
69531 |
| 710 2# - ADDED ENTRY--CORPORATE NAME |
| Corporate name or jurisdiction name as entry element |
Walt Disney Studios Home Entertainment (Firm), |
| Relator term |
publisher. |
| 9 (RLIN) |
5731382 |
| 942 ## - ADDED ENTRY ELEMENTS (KOHA) |
| Koha item type |
Blu-ray digital video discs |
| Source of classification or shelving scheme |
Dewey Decimal Classification |
| 948 ## - LOCAL PROCESSING INFORMATION (OCLC); SERIES PART DESIGNATOR (RLIN) |
| Series part designator, SPT (RLIN) |
03/13/2019 |
| z (OCLC) |
Sirsi |